Legal Aspects in Tourism and Hospitality/ (Record no. 4783)
[ view plain ]
| 000 -LEADER | |
|---|---|
| fixed length control field | 00633nam a22001937a 4500 |
| 003 - CONTROL NUMBER IDENTIFIER | |
| control field | OSt |
| 005 - DATE AND TIME OF LATEST TRANSACTION | |
| control field | 20251010005301.0 |
| 008 - FIXED-LENGTH DATA ELEMENTS--GENERAL INFORMATION | |
| fixed length control field | 251010b |||||||| |||| 00| 0 eng d |
| 020 ## - INTERNATIONAL STANDARD BOOK NUMBER | |
| International Standard Book Number | 9786218179080 |
| 040 ## - CATALOGING SOURCE | |
| Original cataloging agency | DWCL-Main lib |
| Transcribing agency | OC |
| 082 ## - DEWEY DECIMAL CLASSIFICATION NUMBER | |
| Classification number | Fil. 343.5407 B298l 2022 |
| 100 ## - MAIN ENTRY--PERSONAL NAME | |
| Personal name | Bascos, Melinda |
| 245 ## - TITLE STATEMENT | |
| Title | Legal Aspects in Tourism and Hospitality/ |
| Statement of responsibility, etc. | Melinda Bascos |
| 260 ## - PUBLICATION, DISTRIBUTION, ETC. | |
| Place of publication, distribution, etc. | Manila, Philippines : |
| Name of publisher, distributor, etc. | EDRIC Publishing House, |
| Date of publication, distribution, etc. | c2022. |
| 300 ## - PHYSICAL DESCRIPTION | |
| Extent | 91 pages : |
| Other physical details | illustrations ; |
| Dimensions | 25cm |
| 504 ## - BIBLIOGRAPHY, ETC. NOTE | |
| Bibliography, etc. note | Includes bibliographical references |
| 650 ## - SUBJECT ADDED ENTRY--TOPICAL TERM | |
| Topical term or geographic name entry element | 1. Tourism-- Law and Legislation |
| 942 ## - ADDED ENTRY ELEMENTS (KOHA) | |
| Source of classification or shelving scheme | Dewey Decimal Classification |
| Koha item type | Book-Filipiniana |
| Call number prefix | Fil. |
| Suppress in OPAC | No |
| 952 ## - LOCATION AND ITEM INFORMATION (KOHA) | |
| -- | |
| Withdrawn status | Lost status | Source of classification or shelving scheme | Damaged status | Not for loan | Home library | Current library | Shelving location | Date acquired | Source of acquisition | Cost, normal purchase price | Total Checkouts | Full call number | Barcode | Date last seen | Copy number | Price effective from | Koha item type | Uniform Resource Identifier |
|---|---|---|---|---|---|---|---|---|---|---|---|---|---|---|---|---|---|---|
| Dewey Decimal Classification | HM & Nursing Library | HM & Nursing Library | Filipiniana | 02/21/2022 | School Fund | 475.00 | Fil. 343.5407 B298l 2022 | 53203 | 10/10/2025 | c1 | 10/10/2025 | BK - FIL |